History Quiz

Random History or Clickable Quiz
Score 0/20 Timer 08:00
5 Plays Today
% Correct
1836- Fall of the Alamo
93.2%
1891- Naismith invents basketball
93%
1876- First telephone call
92.8%
1941- Pearl Harbor
90.7%
1492- Columbus meets the Native Americans
89.6%
1945- Dropping the atom bomb
89.3%
1608- Pocahontas saves John Smith
88.8%
1969- On the Moon
87.9%
1692- Salem witch trials
87.8%
1889- The Johnstown flood
86.8%
% Correct
1773- The Boston Tea Party
85.2%
1804- Burr kills Hamilton
85.1%
1861- Lincoln at the White House
83.5%
1903- The Wright Brothers fly
82.5%
1963- JFK is assassinated
79.9%
1847- The Donner party
79.6%
1766- Franklin argues against Stamp Act
77.5%
1775- Washington is chosen for command
76.9%
1871- The Great Chicago fire
71%
1927- Television is born
63.2%
Remove Ads.
Support Sporcle.
Get the best of Sporcle when you Go Orange. This ad-free experience offers more features, more stats, and more fun while also helping to support Sporcle. Thank you for becoming a member.

You're not logged in!

Compare scores with friends on all Sporcle quizzes.
OR
Log In

Show Comments

Extras

Top Quizzes Today


Score Distribution

Your Account Isn't Verified!

In order to create a playlist on Sporcle, you need to verify the email address you used during registration. Go to your Sporcle Settings to finish the process.

Report this User

Report this user for behavior that violates our Community Guidelines.

Details: